000 01192nam a2200337 i 4500
003 CO-BoRNBP
005 20220317001759.0
007 ta
008 201204r20042012ck er 000 0dspa d
020 _a9789589744932
040 _aCO-BoRNBP
_bspa
_erda
_cCO-BoRNBP
041 0 _aspa
043 _as-ck---
082 0 4 _a986.102
_bS34s
_222
100 1 _aSilva, Renán
_d1951-
_eautor
245 1 0 _aSaber, cultura y sociedad en el Nuevo Reino de Granada, siglos XVII y XVIII
_cRenán Silva
250 _aSegunda edición
_bPrimera reimpresión
264 1 _aMedellín, Colombia
_bLa Carreta Editores
_c2004
_c2012
300 _a240 páginas
_c22 cm
336 _atexto
_btxt
_2rdacontent
337 _asin mediación
_bn
_2rdamedia
338 _avolumen
_bnc
_2rdacarrier
490 0 _aLa Carreta Histórica
521 _aRecomendado para público adulto
545 _aIncluye datos biográficos del autor en solapa
650 1 7 _aEducación y Estado
_xHistoria
_zColombia
_2LEMB
650 1 7 _aReforma educativa
_xHistoria
_zColombia
_2LEMB
650 1 7 _aEducación superior
_ySiglo XVII - XVII
_zColombia
_2LEMB
651 4 _aColombia
_xHistoria
_yColonia, 1550-1810
_910089
942 _2ddc
_cBK
999 _c8073
_d8073